<?xml version="1.0" encoding="UTF-8"?>
<collection xmlns="http://www.loc.gov/MARC21/slim">
 <record>
  <leader>00833nma a2200193 a 4500</leader>
  <controlfield tag="001">1/33107</controlfield>
  <controlfield tag="008">041206t2005    enk    g   ba       eng  </controlfield>
  <datafield tag="020" ind1=" " ind2=" ">
   <subfield code="a">1593393105</subfield>
  </datafield>
  <datafield tag="035" ind1=" " ind2=" ">
   <subfield code="l">35515</subfield>
  </datafield>
  <datafield tag="040" ind1=" " ind2=" ">
   <subfield code="a">DLC</subfield>
   <subfield code="b">GR-PeUP</subfield>
  </datafield>
  <datafield tag="082" ind1="0" ind2="0">
   <subfield code="a">CD-ROM 914 MIC</subfield>
  </datafield>
  <datafield tag="245" ind1="0" ind2="0">
   <subfield code="a">Microsoft AutoRoute 2007 :</subfield>
   <subfield code="h">[computer file] :</subfield>
   <subfield code="b">ultimate reference suite dvd.</subfield>
  </datafield>
  <datafield tag="260" ind1="0" ind2=" ">
   <subfield code="a">London :</subfield>
   <subfield code="b">Encyclopedia Britannica,</subfield>
   <subfield code="c">2005.</subfield>
  </datafield>
  <datafield tag="300" ind1=" " ind2=" ">
   <subfield code="a">1 computer optical disc :</subfield>
   <subfield code="b">sd., col. ;</subfield>
   <subfield code="c">4 3/4 in. +</subfield>
   <subfield code="e">1 instuctional booklet (15 p. ; 19 cm.)</subfield>
  </datafield>
  <datafield tag="538" ind1=" " ind2=" ">
   <subfield code="a">Απαιτήσεις συστήματος: Windows 2000 , XP.</subfield>
  </datafield>
  <datafield tag="650" ind1=" " ind2="4">
   <subfield code="a">Automobile travel</subfield>
   <subfield code="x">Planning</subfield>
   <subfield code="x">Interactive multimedia.</subfield>
  </datafield>
  <datafield tag="651" ind1=" " ind2="0">
   <subfield code="a">Europe</subfield>
   <subfield code="x">Road maps</subfield>
   <subfield code="x">Interactive multimedia.</subfield>
  </datafield>
  <datafield tag="852" ind1=" " ind2=" ">
   <subfield code="a">INST</subfield>
   <subfield code="b">UNIPILB</subfield>
   <subfield code="c">MMEDIA</subfield>
   <subfield code="e">20090408</subfield>
   <subfield code="h">CD-ROM 914 MIC</subfield>
   <subfield code="p">00153232</subfield>
   <subfield code="q">00153232</subfield>
   <subfield code="t">NOLOAN</subfield>
   <subfield code="y">13</subfield>
   <subfield code="4">1</subfield>
  </datafield>
  <datafield tag="856" ind1="4" ind2=" ">
   <subfield code="d">/webopac/covers/02/35515_1593393105.jpg</subfield>
  </datafield>
 </record>
</collection>
